000 00326nam a2200145Ia 4500
008 210210b1820 xxu||||| |||| 00| 0 eng d
041 _aeng
082 _a822/1127
100 _aSPENCE
245 _aAnecdotes
260 _aLondon
_bNot Mentioned
_c1820
650 _aAnecdotes
690 _aEnglish Prose
906 _a013310
999 _c132175
_d132175